[Event "ISR-ch op"]
[Site "Tel Aviv"]
[Date "1999.04.02"]
[Round "4"]
[White "Golod, Vitali"]
[Black "Psakhis, Lev"]
[Result "1-0"]
[WhiteElo "2554"]
[BlackElo "2564"]
[Annotator "Golod,V"]
[PlyCount "133"]
[EventDate "1999.03.28"]
[EventType "swiss"]
[EventRounds "9"]
[EventCountry "ISR"]
[SourceTitle "CBM 071"]
[Source "ChessBase"]
[SourceDate "1999.08.01"]
[SourceVersion "1"]
[SourceVersionDate "1999.08.01"]
[SourceQuality "1"]

1. d4 Nf6 2. c4 e6 3. Nc3 Bb4 4. Qc2 d5 5. cxd5 Qxd5 6. Nf3 Qf5 7. Qxf5 {
After this move,white has a very small advantage in the endgame.Besides,white
has two options:} (7. Qb3 $5 {Is the main line.See comments to Dreev,A-Bareev,
E/Elista,1998/CBM 65(0-1)(Golod,V)(32)}) ({and} 7. Qd1 $5 {-see comments to
Ivanov,S-Landa,K/St. Petersburg,1999/CBM 71(1/2-1/2)(Golod,V)(56)}) 7... exf5
8. Bf4 $5 {[%mdl 4]} ({Other alternatives are:} 8. Bd2 $5 {-you can see
comments to Sergienko,S-Lopushnoy,D/St. Petersburg,1999/CBM 71(1-0)(Golod,V)
(49) and Ward,C-Speelman,J/Southend,1999/CBM 71(1/2-1/2)(Golod,V)(44)}) ({and} 
8. a3 $5) 8... c6 $6 (8... Be6 $1 {See comments to Kortschnoj,V-Topalov,V/
Tilburg 1998/CBM 68(1/2-1/2)(Golod,V)(43)}) ({Senseless:} 8... Nd5 {because of:
} 9. Bd2 $14) 9. a3 Be7 (9... Ba5 $143 10. b4 Bb6 11. e3 $14) 10. e3 Nbd7 ({
Interestingly:} 10... Nh5 $5 11. Bc7 $140 Kd7 {[%csl Rc7]} 12. Be5 (12. Ba5 $5)
12... f6 13. Bg3 Nxg3 14. hxg3 {+/=/=}) 11. Nd2 Nb6 12. Nb3 $1 $146 {[%csl Rb7]
[%cal Gb3a5]} (12. Nc4 $143 O-O $6 (12... Nxc4 $1 13. Bxc4 Be6 $11) 13. h3 Be6
14. Na5 $14 {1/2-1/2 Jacimovic,D-Cao Sang/Erevan 1996/EXT 97 (58)}) 12... Nfd5
$5 ({After:} 12... Nh5 $6 13. Be5 $1 f6 $140 14. Bc7 Kd7 {-white transfers to
better endgame:} 15. Bxb6 axb6 16. Be2 g6 17. Bxh5 gxh5) 13. Nxd5 Nxd5 14. Be5
$1 {+/=/=} ({Worse is:} 14. Bg3 {because of:} g5 $1 $13 {[%csl Rg3][%cal Gf5f4]
}) 14... f6 15. Bg3 b6 ({Can be recommended:} 15... Be6 $5 16. Nc5 $5 (16. Na5
$6 O-O-O 17. Rc1 f4 $1 $36) 16... Bxc5 17. dxc5 {+/=/=}) 16. Rc1 Bb7 ({
Senseless:} 16... Bd7 $6 {in view of:} 17. Ba6 Bc8 18. Bd3 $14) 17. Bd3 g6 18.
O-O Rd8 {[%cal Ge7d6]} 19. Rfe1 Bd6 20. Bh4 $1 {/\f3,Bf2 and e4 with the play
in the centre.} (20. f3 $143 Bxg3 21. hxg3 Kf7 22. e4 fxe4 23. fxe4 Ne7 $11)
20... O-O 21. f3 Kg7 ({Dubious:} 21... f4 {because of:} 22. e4 Ne3 23. Bf2 $14)
22. e4 fxe4 23. fxe4 Nf4 24. Bf1 g5 $5 25. Bf2 Ng6 $6 ({Much better is:} 25...
f5) 26. g3 $5 {[%csl Rc6][%cal Gf1g2]} h5 27. Bg2 Rfe8 28. Nd2 $5 {[%csl Rf5]
[%cal Gd2c4,Gc4e3,Ge3f5]} ({Differently after:} 28. e5 fxe5 29. Bxc6 Bxc6 30.
Rxc6 Ne7 31. Rc2 Nf5 32. Rce2 Kf6 {total equality.}) 28... h4 29. e5 $5 ({
Good enough:} 29. Nc4 hxg3 30. hxg3 Bb8 31. Ne3 Ne7 {+/=/=}) 29... fxe5 30.
Bxc6 Bxc6 31. Rxc6 Ne7 {[%csl Rd4][%cal Ge7f5]} (31... exd4 $4 {[%csl Rd6]} 32.
Rxe8 Rxe8 33. Rxd6 $18) 32. Rc2 Nf5 33. Nc4 hxg3 ({Dubious:} 33... exd4 34.
Rxe8 Rxe8 35. Nxd6 $1 (35. g4 $6 d3 36. Rc3 d2 37. Nxd2 Nh6 $11) 35... Nxd6 36.
Bxd4+ Kf7 37. gxh4 gxh4 38. Bf2 $14) 34. hxg3 e4 $5 ({Also equality after:} 
34... exd4 $5 35. Rxe8 Rxe8 36. Nxd6 (36. g4 $2 d3 37. Rc3 d2 38. Nxd2 Nh6 $15
{[%csl Rg4][%cal Gd6f4]}) 36... Nxd6 37. Bxd4+ Kf7 $11) 35. Kg2 Bb8 {This move
is better than:} (35... Rc8 $6 {[%csl Rc2][%cal Gb6b5]} 36. b3 (36. g4 $2 Nh4+
$15) (36. Nxd6 $6 Nxd6 $11) 36... b5 37. Nxd6 Nxd6 38. Rc5 $14) 36. Rce2 e3 $2
{[%mdl 8192]} (36... Nxd4 $5 37. Rxe4 Rxe4 38. Rxe4 Nb3 $11) (36... Rc8 $6 37.
Ne5 $14 {[%csl Re4]} (37. Nd2 $2 e3 $1 38. Bxe3 Bxg3 39. Bf2 Rxe2 40. Rxe2 Bxf2
$17)) 37. Nxe3 Kg6 ({Loses right away:} 37... Nxd4 $4 {because of:} 38. Nf5+
Nxf5 39. Rxe8 Rxe8 40. Rxe8 $18) 38. Nxf5 Rxe2 39. Ne7+ ({Slightly worse is:} 
39. Rxe2 Kxf5 $14) 39... Rxe7 40. Rxe7 {[%mdl 4096] +/=/+/-} g4 {><f3} (40...
Kf5 $6 41. Kf3 g4+ 42. Ke3 $16) 41. Rb7 $1 {[%csl Ra7,Rb6,Yb8]} Kf5 42. Kf1 Re8
{[%cal Ye8e1]} 43. b4 {[%cal Gb4b5]} Ke4 44. Rg7 Kf5 ({In my opinion probably
better is:} 44... Kf3 $5 45. Rf7+ Ke4 46. b5 Kd5 47. Rg7 Kc4 $5 $14 (47... Re4
$5)) 45. b5 Rc8 46. Rb7 Ke4 $5 47. a4 Rg8 $1 (47... Kd5 $2 48. Rg7 Rc4 (48...
Kc4 $2 49. Rxg4 Kb3 50. d5 $18) 49. Rg5+ $1 $16) 48. Ke2 Kd5 {[%csl Ra4,Rb5]
[%cal Gd5c4]} 49. Kd3 Rf8 50. Be3 Bxg3 $14 51. Rg7 ({Badly:} 51. Rxa7 {in view
of:} Rf3 $1 {[%csl Re3][%cal Gg3f2,Gg3f4]} 52. Ke2 Bf4 53. Bxf4 Rxf4 54. Rd7+
Ke4 55. Rd6 g3 56. Rxb6 Rf2+ 57. Ke1 Ra2 $11) 51... Bf4 52. Bxf4 (52. Rxg4 $2
Bxe3 53. Kxe3 Kc4 $11 {[%csl Ra4,Rb5]}) 52... Rxf4 53. Rd7+ {Only chance play
to win!} (53. Rg5+ $2 Ke6 54. Ke3 Rf3+ 55. Ke4 Ra3 56. Rg6+ $143 Kf7 57. Rxg4
Rxa4 58. Kd5 Ke7 $11) 53... Ke6 54. Rxa7 g3 $1 ({Worse is:} 54... Kf6 {in view
of:} 55. Ra8 $1 {[%cal Ga8g8]} (55. Ke3 $2 g3 {[%csl Gg3]} 56. Ra8 (56. Rc7 $4
g2 57. Rc1 Rf1 $19) 56... Kf7 57. Ra7+ Kf6 58. Ra8 Kg7 59. Ra7+ Kh6 60. Ra8 Kh7
61. Ra7+ $11) 55... Kf7 56. Rc8 g3 57. Rc2 $14) 55. Rg7 Rf3+ 56. Kc4 (56. Ke4
$143 Ra3 57. Rg6+ Kf7 58. Rg4 {[%cal Ge4d5]} Ke6 $11) 56... Ra3 57. Kb4 Rd3 58.
a5 Rxd4+ 59. Kc3 Rh4 $4 {[%mdl 8192] Gross error.Light draw after:} (59... Rd1
$5 60. axb6 (60. a6 Rb1 $11 {[%csl Rb5,Gg3]}) 60... Rb1 61. Kc4 Rc1+ 62. Kd4 (
62. Kb4 Rb1+ 63. Ka5 Ra1+ $11 {[%csl Ga5,Rb5,Rb6]}) 62... Rd1+ 63. Ke4 (63. Kc3
Rb1 $11 {[%csl Rb5,Rb6]}) 63... Rb1 $11) ({and:} 59... Rd5 $5 60. Kc4 $140 Rd1
61. axb6 (61. a6 Rc1+ $11 {[%csl Rb5,Gg3]}) 61... Rc1+ 62. Kd4 Rd1+ 63. Kc3 Rb1
$11 {[%csl Rb5,Rb6]}) (59... Rd7 $2 60. Rg6+ Kd5 (60... Kf5 61. Rxg3 bxa5 62.
Kc4 $16) 61. a6 $1 $16) 60. axb6 Kd6 61. b7 Rh8 62. Kb4 {[%cal Gb4a5,Ga5b6,
Gb6a7]} g2 63. Ka5 g1=Q 64. Rxg1 ({Also win after:} 64. b8=Q+ $5 Rxb8 65. Rxg1
Kc7 66. Rg7+ $18 {[%csl Ga5]}) 64... Kc7 65. Ka6 Kb8 $8 66. Rc1 $5 (66. b6 $144
$5 {[%cal Gg1c1,Gc1c8]}) 66... Rh6+ 67. Rc6 (67. Rc6 Rh8 $8 68. Rc8+ Rxc8 69.
bxc8=Q+ Kxc8 70. Ka7 (70. b6 Kb8 71. b7)) 1-0

[Event "RUS-chT 06th"]
[Site "St Petersburg"]
[Date "1999.05.22"]
[Round "7"]
[White "Sakaev, Konstantin"]
[Black "Pigusov, Evgeny"]
[Result "1/2-1/2"]
[WhiteElo "2649"]
[BlackElo "2602"]
[Annotator "Golod,V"]
[PlyCount "81"]
[EventDate "1999.05.16"]
[EventType "team-tourn"]
[EventRounds "9"]
[EventCountry "RUS"]
[SourceTitle "EXT 2020"]
[Source "ChessBase"]
[SourceDate "2019.10.17"]
[SourceVersion "1"]
[SourceVersionDate "2019.10.17"]
[SourceQuality "1"]
[WhiteTeam "Sankt Petersburg Lentransgaz"]
[BlackTeam "Tomsk Siberia"]
[WhiteTeamCountry "RUS"]
[BlackTeamCountry "RUS"]

1. d4 Nf6 2. c4 e6 3. Nc3 Bb4 4. Qc2 d5 5. cxd5 Qxd5 6. e3 $5 ({Another
options is:} 6. Nf3 $5 {-see comments to Sergienko,S-Lopushnoy,D/St.
Petersburg,1999/CBM 71(1-0)(Golod,V)(49)}) 6... e5 $5 $146 {[%mdl 8] Was
checked in the previous games:} (6... c5 $5 {Is the main line.You can see
comments to Bareev,E-Gelfand,B/Novgorod,1997/CBM 60(1/2-1/2)(Tsesarsky)(30)}) (
{and} 6... O-O) 7. a3 {Besides,white has two alternatives:} (7. dxe5 $143 Qxe5
8. Nf3 Qe7 9. a3 Bxc3+ (9... Bd6 $5) 10. Qxc3 O-O 11. Bd3 (11. Be2 Ne4 $11)
11... Nc6 12. O-O Bg4 $11) (7. Bd2 $5 Bxc3 (7... Qa5 $6 8. Nb5 $1 {[%csl Rc7,
Re5]} O-O (8... Ne4 $2 9. Bxb4 Qxb4+ 10. Kd1 $18 {[%csl Rc7,Re4]}) 9. Bxb4
Qxb4+ 10. Qc3 $14) 8. Bxc3 $5 (8. bxc3 exd4 9. cxd4 Nc6 {[%cal Gc8f5] +/=/=})
8... exd4 (8... e4 9. Ne2 $14 {[%cal Ge2f4]}) 9. Bxd4 $14) 7... exd4 $1 (7...
Bxc3+ $143 8. bxc3 {with slight advantage of black.}) 8. axb4 ({Dubious:} 8.
exd4 {in view of:} Bxc3+ 9. bxc3 O-O $36 {[%cal Gf8e8,Gc8f5]}) 8... dxc3 9.
bxc3 Bf5 $5 {This move is better, than:} (9... O-O $6 10. c4 Bf5 11. Qc3 Qe6
12. Bb2 $14 {[%csl Rg7]}) 10. Qa2 ({Interestingly:} 10. Qa4+ Nbd7 $140 11. c4
$13) 10... Qxa2 11. Rxa2 Ne4 12. Ra3 ({Badly:} 12. Nf3 {because of:} Nxc3 13.
Ra5 {[%csl Rc3,Rc7,Rf5,Rg7][%cal Ga5c5,Gc1b2]} Be6 14. Rc5 (14. Bb2 Nd5 15.
Bxg7 Rg8 16. Bd4 Nc6 $15) 14... Na2 $1 15. Bb2 c6 $15 {[%csl Rb4][%cal Gb8d7]})
12... Be6 $5 {with the idea Nd6-c4 or Nd7-b6-c4} 13. c4 $5 ({After:} 13. Nf3
Nd6 (13... O-O $6 14. Nd4 $14) 14. Nd4 Bc4 {equality}) 13... Na6 $5 {(/\14.
b5?! Nac5;Nd6קc4)} ({Dubious:} 13... Nc6 {in view of:} 14. f3 Nd6 (14... Nxb4
$6 15. fxe4 Nc2+ 16. Kd2 Nxa3 17. Bxa3 $14 {_|_}) 15. c5 Nc4 16. Rc3 N4e5 17.
f4 $14) 14. f3 Nf6 (14... Nxb4 $6 {-see 13...Nc6?!}) 15. Bd2 ({Also after:} 15.
b5 Nc5 16. e4 O-O {equality} (16... a5 $5 {[%csl Ra5]} 17. Bf4 Kd8 $13)) 15...
c5 $1 16. bxc5 (16. b5 $6 Nb4 $1 (16... Nb8 $6 17. Nh3 {[%cal Gh3f4]} Bxh3 18.
gxh3 $14) 17. Bxb4 cxb4 18. Rb3 a5 $1 19. bxa6 bxa6 20. Rxb4 a5 21. Ra4 Nd7 {
[%cal Gd7c5,Gd7b6] and black has a slight advantage in the endgame.}) 16...
Nxc5 $11 17. Nh3 $5 {Differently after 17...0-0 and 18...Rfc8 black has a
advantage.} Bxh3 18. gxh3 Nfd7 $5 {[%csl Yc5,Yd7]} 19. Rg1 O-O 20. Rg5 $5 {
[%cal Gg5d5,Gd2c3]} ({Slightly worse is:} 20. Bc3 {because of:} f6 {[%csl Yf6]
[%cal Yf6g5]}) 20... Rfc8 21. Bc3 Ne6 22. Rb5 {[%csl Rb7]} (22. Rga5 $143 a6
23. f4 Ndc5 $15) 22... Nb6 $5 {[%csl Rc4] Black's plan is:Rc6,maybe a6 and
Rac8 with pressure on pawn c4.} ({Also good enough:} 22... b6) 23. Rb4 Rc6 24.
Ra5 h6 $5 {Window leaf for king!} 25. h4 Rac8 $5 ({Now dubious:} 25... a6 {
[%cal Ga8c8] in view of:} 26. Bd4 Nxd4 27. exd4 $14) 26. Rxa7 $8 Nxc4 27. Bxc4
({Badly:} 27. Rbxb7 $2 {in view of:} Nd6 $1 {[%csl Rb7,Rc3]} (27... Nxe3 $5 $15
) 28. Rd7 $140 Nf8 29. Rxd6 Rxd6 $17) 27... Rxc4 28. Bd2 $1 {קb7} ({After:} 
28. Rxc4 $6 Rxc4 29. Be5 b5 30. Rb7 Rc5 {black has a slight advantage in the
endgame.}) 28... Rxb4 29. Bxb4 Rc2 (29... Rc7 $5 30. h5 {[%cal Ge1f2,Gf2g3]})
30. Rxb7 Rxh2 $11 31. Be7 g5 (31... f6 $144 32. Rb4 {[%csl Yb4] /\Bd6=}) 32.
Rb4 (32. hxg5 $144 Nxg5 33. Bxg5 hxg5 $11) 32... Rxh4 33. Rxh4 gxh4 34. Bxh4
Kg7 35. Kf2 Kg6 36. e4 f5 37. Be7 fxe4 38. fxe4 Kf7 39. Bh4 Nc5 40. Kf3 Nxe4
41. Kxe4 1/2-1/2

[Event "Aosta op 12th"]
[Site "Saint Vincent"]
[Date "2004.02.15"]
[Round "9"]
[White "Golod, Vitali"]
[Black "Romanishin, Oleg M"]
[Result "1-0"]
[WhiteElo "2544"]
[BlackElo "2537"]
[Annotator "Golod,V"]
[PlyCount "113"]
[EventDate "2004.02.08"]
[EventType "swiss"]
[EventRounds "9"]
[EventCountry "ITA"]
[SourceTitle "CBM 098 Extra"]
[Source "ChessBase"]
[SourceDate "2004.03.10"]
[SourceVersion "2"]
[SourceVersionDate "2004.03.10"]
[SourceQuality "1"]

{[%mdl 2] This was the last game in this tournament.We shared fourth place
with many other players (6 point of 8 games) and it was clear,that I need only
win.} 1. d4 Nf6 2. c4 e6 3. Nc3 Bb4 4. Qc2 d5 5. cxd5 Qxd5 6. e3 O-O 7. Bd2
Bxc3 8. Bxc3 Nbd7 $5 {My contender already selected this rare continuation.} ({
Also once were checked in the our previous game:} 8... a5 $5 9. a3 Nbd7 $5 (
9... Bd7 $143 {You can see my comments to game: Gurevich,M-Romanishin,O/Essen,
2001/CBM 83(1-0)(37)}) 10. Rc1 (10. Nf3 $143 b6 {[%cal Gc8a6]}) 10... b6 11.
Be2 Bb7 (11... Ba6 $143 12. Bf3 Qb5 13. Ne2 Rac8 14. Ng3 $14 {[%cal Gf3e2]}) (
11... Qxg2 $4 12. Bf3 {[%csl Ra8,Rg2]} Bb7 13. Bxg2 Bxg2 14. f3 Bxh1 15. h3 $18
{[%csl Rh1][%cal Gc2h2]}) 12. Nf3 $5 {+/=/= Golod,V-Romanishin,O/Lvov,2001(1/
2-1/2)(18)}) (8... b6 $5 {[%cal Gc8a6] You can see my annotations to game:
Ivanchuk,V-Short,N/Shenyang,2000/CBM 79 (1/2-1/2)(34)}) 9. Ne2 ({Recently was
checked up another continuation:} 9. Nf3 $5 b6 10. Be2 Bb7 {/^a8-h1; ><g2} 11.
O-O Ne4 12. b4 {[%csl Yb4,Yd4][%cal Yd4c5,Yb4c5]} Ndf6 13. Rfc1 $14 {You can
see my comments to game: Legky,N-Romanishin,O/Montreal,2003/CBM 97(1/2-1/2)(27)
}) 9... b6 $5 $146 {/\Bb7 /^a8-h1; ><g2} ({The game,which have reached this
position were continued as follows:} 9... Qf5 10. Rc1 {[%cal Ge2g3]} Re8 11.
Ng3 Qxc2 12. Rxc2 b6 13. Bb5 Bb7 14. O-O Red8 15. Bb4 Nd5 16. Bd2 $14 {[%csl
Rc7] Atalik,S-Romanishin,O/Halkidiki,2002(1/2-1/2)(56)}) 10. f3 {[%cal Ge3e4]
It is rather difficult to continue a game without this move.} ({Leads to
benefit of the contender:} 10. Nf4 Qd6 11. Bd3 Bb7 12. O-O a5 {+/=/=}) 10... c5
11. e4 Qc6 {Black had no other worthy alternative.} 12. dxc5 Qxc5 13. Qd2 {
[%csl Rc5,Ye2][%cal Ye2g3,Ye2d4,Ga1c1] White keep two opportunities of
development of the his knight.} Qe7 14. Ng3 Rd8 {Last moves were made
according to the standard chess norms.} 15. Be2 $5 {I rather long chose
between it and another continuation:} (15. Qe3 $5 Nc5 (15... Qc5 16. Kf2 $14)
16. b3 Ba6 17. Rc1 $14) 15... Nc5 $140 {[%csl Rb2,Rc3][%cal Gc5a4]} 16. Qg5 h6
({It deserves attention:} 16... Kf8 $5 {[%csl Yf8,Rg8][%cal Yg8f8]}) 17. Bxf6
Qxf6 18. Qxf6 gxf6 19. Kf2 ({Senselessly:} 19. Nh5 $6 {in view of:} f5) 19...
Kf8 $6 {After this inaccurate move,Black should struggle for equality up to
the end of this game.} ({Can be recommended:} 19... Ba6 $5 {(><d3; /\Na4 קb2)
and I should,at first, to neutralize counterplay of the contender}) (19... f5
$143 20. exf5 exf5 21. Rhd1 $14 {[%cal Gg3h5,Gh5f4]}) 20. Rhd1 $14 {Now White
has a obvious positional advantage in the endgame.} Bb7 ({Too passively,but
reliably:} 20... Bd7 $5 {/\Be8 Michael Roiz}) (20... Ke7 $5 21. b3 $140 e5 {
[%csl Yc8][%cal Yc8e6]}) 21. b3 {[%csl Yb3][%cal Yb3a4] Preventive move.} Ke7
22. Nf1 {[%csl Yf1][%cal Yf1e3] It is necessary to improve an location of the
knight.} Rxd1 23. Rxd1 Rc8 24. Ne3 Nd7 ({For Black it's certainly favourable
to exchange these bishops:} 24... Ba6 $5 {[%csl Ga6,Ye2]}) 25. h4 {I
strengthen the pawns structure on the king side and,at case,prepare a progress
"h5", /\Ng4(קh6).} Rc5 {[%csl Yc5][%cal Yc5a5,Yc5h5]} (25... h5 $6 26. Rd2 {
[%csl Rh5][%cal Gd2c2]}) 26. Rd2 Ne5 (26... Rc1 $143 27. Rc2 {[%csl Ra7,Rb7]
[%cal Gc2c7]}) (26... Bc8 $5 27. Rc2 $140 Rxc2 28. Nxc2 Nf8 {[%cal Ge6e5]}) 27.
Rc2 $1 {<->c This move is compels of Black ,early or late, to exchange the
rooks,then it will be much easier to me, to reach up to weaknesses of the
contender.} Kd6 $6 (27... Rxc2 $142 28. Nxc2 f5 29. exf5 exf5 30. Nd4 Kf6 $14)
28. h5 $6 {I did not use discrepancy of the contender:} (28. Rxc5 Kxc5 $140 29.
h5 $1 {[%cal Gf3f4,Ge3g4]} Kd4 (29... Kb4 30. f4 {[%csl Ye5,Rh6][%cal Ge3g4]})
30. f4 Nd3+ 31. Bxd3 Kxd3 32. Ng4 Kxe4 33. g3 $16 {[%csl Rh6]}) 28... Rxc2 29.
Nxc2 Bc8 {[%mdl 4096]} (29... f5 {is refuted by:} 30. exf5 exf5 31. Nd4 {
[%csl Ra7,Rd6,Rf5][%cal Gd4b5]}) (29... Nc6 $5 {[%csl Yc6,Rh6][%cal Yc6e7,
Ye7g8,Yg8h6] Michael Roiz}) 30. Ne3 f5 31. f4 $1 ({Leads to favourable
simplifications for Black:} 31. exf5 $6 exf5 32. Kg3 Nc6 $1 33. Bc4 (33. Kf4
$143 Nd4 34. Bc4 $140 (34. Bd3 $2 Ne6+ 35. Kxf5 (35. Kg3 $2 f4+ {[%csl Re3,Rg3]
}) 35... Nc5+ {[%csl Rd3,Rf5]} 36. Kf6 Nxd3 37. Kxf7 Ke5 $15) 34... b5 $1 {
[%csl Yc4,Rf4][%cal Gd4e2]} 35. Bf1 a6 $11) 33... f6 34. Kf4 Nd4 $14) 31... Nc6
{[%tqu "En","Find the killer move!","","","g2g4","",10,"e4f5","",0]} 32. g4 $3
{I made this move in the most suitable moment.} (32. exf5 $2 exf5 33. g4 fxg4 (
33... f6 $5 {Oleg Romanishin}) 34. Bxg4 Be6 35. Bxe6 Kxe6 36. Ng4 Nb4 $14 {
[%csl Ra2,Rb3]}) 32... f6 $2 $138 ({It was necessary:} 32... fxe4 $8 33. g5
$140 Ke7 34. Ng4 hxg5 35. h6 $1 Kf8 36. fxg5 Nd4 (36... e5 $2 37. Ke3 Bf5 $140
{[%tqu "En","Find the best continuation for White?","","","g4e5","",10]} 38.
Nxe5 $1 Nxe5 39. Kf4 {[%csl Re5,Rf5]} Nd3+ (39... Nf3 40. Kxf5 Nd4+ 41. Kf6 {
[%csl Gh6][%cal Gh6h7]} Kg8 $8 42. Bh5 e3 43. Bxf7+ Kh7 44. g6+ Kxh6 45. g7 e2
46. g8=Q e1=Q 47. Qg6#) 40. Kxf5 Nc1 41. Kf6 $1 {[%csl Gh6][%cal Gh6h7]} Kg8
42. Bc4 $18 {[%csl Rf7,Rg8][%cal Gg5g6,Gc4f7]}) 37. Nf6 $16 (37. Ke3 $5)) ({
Immediately loses a game the following move:} 32... fxg4 $2 33. Nxg4 f5 34.
Nxh6 $5 Ke7 (34... fxe4 35. Nf7+ Ke7 36. Ng5 $18) 35. exf5 exf5 36. Bc4 $18)
33. g5 fxg5 34. fxg5 Ke7 (34... hxg5 $4 35. h6 {Initially my contender wrongly
hoped on:} Ne5 (35... Ne7 $144 36. Bh5 {[%csl Yh5][%cal Yh5e8]}) {but,after:}
36. Bh5 {[%csl Yh5][%cal Yh5e8,Gh6h7] White immediately win a game.}) 35. gxh6
Nd8 ({Hardly it was better:} 35... Kf8 {because of:} 36. exf5 exf5 37. Bd3 $18
{[%csl Rf5][%cal Yf2g3,Yg3f4]}) 36. exf5 exf5 37. Nd5+ $138 ({The computer
shows more effective way of a win:} 37. Bc4 Be6 (37... Kf8 38. Kg3 $18 {
[%csl Rf5][%cal Gg3f4]}) 38. h7 Nf7 39. Nxf5+ $1 Bxf5 (39... Kf6 40. Nd6 $1 $18
{[%csl Yf7,Gh7][%cal Yf7h8,Gd6f7]}) 40. Bxf7 Bxh7 41. Bg6 {[%csl Gh5][%cal
Gh5h6,Yh5g6]} Bxg6 $8 42. hxg6 Kf6 43. Ke3 Kxg6 44. Kd4 $18 {[%csl Ra7,Rb6]
[%cal Gd4d5,Gd5c6]}) 37... Kf8 38. Bd3 Nf7 39. h7 Kg7 (39... Bb7 $142 40. Nc7
$18 {[%csl Gd3,Rf5][%cal Gf2e3,Ge3f4]}) 40. Ne7 Bd7 41. Nxf5+ Kxh7 ({Leads to
hopeless position:} 41... Bxf5 42. Bxf5 Nd6 43. Bd3 $18 {[%csl Ra7,Rb6,Yd3]
[%cal Gf2e3,Ge3d4]}) 42. Nd6+ {After exchange of the knights,I receive easily
won BB endgame.} Kg7 43. Nxf7 Kxf7 44. h6 $18 {[%csl Ya2,Ra7,Yb3,Rb6,Gh6] ^=}
a5 {Now I have two possible ways to win a game:} 45. a3 ({or} 45. a4 $5 {
[%csl Ra5,Rb6]} Kf6 46. Ke3 Be6 47. Bc4 Bh3 48. Kd4 Kg6 49. Kd5 {[%cal Gd5c6]}
Bg2+ 50. Kd6 $18 {[%csl Ra5,Rb6][%cal Gd6c7]}) 45... Kf6 46. Ke3 Be6 47. b4
axb4 {Basically, the correct direction of actions - than is less pawns, the
less problems.} 48. axb4 Bd5 49. Kd4 Bb3 50. h7 $1 {[%csl Rb6,Yf6][%cal Yf6e5,
Yf6g7,Gd4e5,Ge5d6,Gd6c6]} Kg7 51. Ke5 Bf7 52. Kd6 Be8 53. Kc7 b5 54. Kb6 {
The rest is easy without comments.} Bd7 55. Kc5 Be8 56. Bxb5 Bg6 57. Bc4 {
In result I shared 2-4 place !!!} (57. Bc4 Bxh7 58. b5 Be4 (58... Kf6 $143 59.
b6 Be4 60. Bd5 {[%csl Gb6][%cal Gb6b7]}) 59. b6 Bb7 60. Kd6 Kf6 61. Bb5 Kf7 62.
Kc7 Be4 63. Bc6 {[%csl Gb6][%cal Gb6b7]}) 1-0